Score 0/25 Timer 05:00
0 Plays Today
First letter 4-letter word % Correct
CClub
80.6%
OOnce
70.5%
MMeet
67.6%
TTime
67.6%
CCase
66.9%
UUpon
66.9%
BBurn
56.8%
WWith
53.2%
TTroy
53.2%
FFall
51.8%
FFury
48.9%
TTree
47.5%
TTrue
46.8%
First letter 4-letter word % Correct
LLife
46.8%
CCool
44.6%
RRuns
44.6%
GGame
44.6%
TThem
43.2%
FFord
42.4%
FFeet
30.9%
MMind
25.9%
JJohn
25.2%
DDark
21.6%
SSide
20.9%
SSeas
18%

You're not logged in!

Compare scores with friends on all Sporcle quizzes.
OR
Log In

Sporcle TV

Today on Sporcle TV


Watch our educational content, quiz creation guides, and fun videos on Sporcle TV.

Show Comments

Extras

Top Quizzes Today


Score Distribution

Paid Content

Your Account Isn't Verified!

In order to create a playlist on Sporcle, you need to verify the email address you used during registration. Go to your Sporcle Settings to finish the process.

Report this User

Report this user for behavior that violates our Community Guidelines.

Details: